College Physics (Record no. 10763)
[ view plain ]
| 000 -LEADER | |
|---|---|
| fixed length control field | 00555nam a22002177a 4500 |
| 001 - CONTROL NUMBER | |
| control field | nam a22 7a 4500 |
| 003 - CONTROL NUMBER IDENTIFIER | |
| control field | OSt |
| 005 - DATE AND TIME OF LATEST TRANSACTION | |
| control field | 20211008111341.0 |
| 007 - PHYSICAL DESCRIPTION FIXED FIELD--GENERAL INFORMATION | |
| fixed length control field | nam a22 7a 4500 |
| 008 - FIXED-LENGTH DATA ELEMENTS--GENERAL INFORMATION | |
| fixed length control field | 211008b |||||||| |||| 00| 0 eng d |
| 010 ## - LIBRARY OF CONGRESS CONTROL NUMBER | |
| LC control number | nam a22 7a 4500 |
| 020 ## - INTERNATIONAL STANDARD BOOK NUMBER | |
| International Standard Book Number | 0130841528 |
| 040 ## - CATALOGING SOURCE | |
| Transcribing agency | HU |
| 082 ## - DEWEY DECIMAL CLASSIFICATION NUMBER | |
| Edition number | 4th |
| Classification number | 530/WIL/2000 |
| 100 ## - MAIN ENTRY--PERSONAL NAME | |
| Personal name | Wilson Jerry D. |
| 9 (RLIN) | 11609 |
| 245 ## - TITLE STATEMENT | |
| Title | College Physics |
| 250 ## - EDITION STATEMENT | |
| Edition statement | 4th |
| 260 ## - PUBLICATION, DISTRIBUTION, ETC. | |
| Place of publication, distribution, etc. | California |
| Name of publisher, distributor, etc. | Prentice Hall Upper Saddle River, |
| Date of publication, distribution, etc. | 2000 |
| 300 ## - PHYSICAL DESCRIPTION | |
| Extent | 481p |
| 942 ## - ADDED ENTRY ELEMENTS (KOHA) | |
| Source of classification or shelving scheme | Dewey Decimal Classification |
| Koha item type | Books like text book referance book |
| Suppress in OPAC | No |
| Withdrawn status | Lost status | Source of classification or shelving scheme | Damaged status | Not for loan | Home library | Current library | Shelving location | Date acquired | Total Checkouts | Full call number | Barcode | Date last seen | Copy number | Price effective from | Koha item type |
|---|---|---|---|---|---|---|---|---|---|---|---|---|---|---|---|
| Dewey Decimal Classification | Natural & Computational Science Library | Natural & Computational Science Library | General Stacks | 10/08/2021 | 530/WIL/2000 | NCSLIB000017756 | 10/08/2021 | 1 | 10/08/2021 | Books like text book referance book | |||||
| Dewey Decimal Classification | Natural & Computational Science Library | Natural & Computational Science Library | General Stacks | 10/13/2021 | 530/WIL/2000 | NCSLIB000018417 | 10/13/2021 | 2 | 10/13/2021 | Books like text book referance book | |||||
| Dewey Decimal Classification | Natural & Computational Science Library | Natural & Computational Science Library | 10/26/2021 | 530/WIL | NSCLIB000010614 | 10/26/2021 | 3 | 10/26/2021 | Books like text book referance book |